[Event "Tenerife-chT Primera"]
[Site "Tenerife"]
[Date "2023.05.13"]
[Round "13"]
[White "Diaz Reyes, Iker"]
[Black "Santos Izquierdo, Carlos"]
[Result "0-1"]
[WhiteElo "1327"]
[BlackElo "1750"]
[PlyCount "54"]
[EventDate "2023.01.14"]
[EventType "team-tourn"]
[EventRounds "14"]
[EventCountry "ESP"]
[SourceTitle "EXT 2024"]
[Source "ChessBase"]
[SourceDate "2023.10.10"]
[SourceVersion "1"]
[SourceVersionDate "2023.10.10"]
[SourceQuality "1"]
[WhiteTeam "Fundacion La Caja de Canarias"]
[BlackTeam "La Victoria 94"]
[WhiteTeamCountry "ESP"]
[BlackTeamCountry "ESP"]

1. e4 d6 2. d4 Nf6 3. Nc3 g6 4. Nf3 c6 5. Be2 b5 6. a3 Bg7 7. 0-0 0-0 8. Bf4 Nbd7 9. Rb1 a5 10. d5 b4 11. axb4 axb4 12. dxc6 bxc3 13. cxd7 Bxd7 14. Bd3 cxb2 15. c3 Qa5 16. Qc2 Rfc8 17. Bd2 Ng4 18. Nd4 Bxd4 19. cxd4 Qh5 20. Qxc8+ Rxc8 21. h3 Nf6 22. Rxb2 Qh4 23. Be3 Nxe4 24. Rb7 Be6 25. Re1 f5 26. g3 Nxg3 27. fxg3 Qxg3+ 0-1

[Event "Tenerife-chT Primera"]
[Site "Tenerife"]
[Date "2022.04.23"]
[Round "9.1"]
[White "Santos Izquierdo, Carlos"]
[Black "Ramirez Alvarez, Roberto"]
[Result "1-0"]
[WhiteElo "1764"]
[BlackElo "1968"]
[PlyCount "85"]
[EventDate "2022.01.29"]
[EventType "team-tourn"]
[EventRounds "14"]
[EventCountry "ESP"]
[SourceTitle "EXT 2024"]
[Source "ChessBase"]
[SourceDate "2023.10.10"]
[SourceVersion "1"]
[SourceVersionDate "2023.10.10"]
[SourceQuality "1"]
[WhiteTeam "La Victoria 94"]
[BlackTeam "Playa San Juan"]
[WhiteTeamCountry "ESP"]
[BlackTeamCountry "ESP"]

1. c4 Nf6 2. g3 g6 3. Bg2 Bg7 4. Nc3 0-0 5. d3 d6 6. e4 c5 7. Nge2 Nc6 8. 0-0 Bd7 9. h3 a6 10. f4 Ne8 11. Be3 b5 12. Qd2 bxc4 13. dxc4 Rb8 14. Rad1 Qa5 15. b3 Nc7 16. e5 Rfd8 17. exd6 exd6 18. Ne4 Nb4 19. Qxd6 Ne8 20. Qxc5 Qxa2 21. Nc1 Qa3 22. Qe7 Bf8 23. Qh4 Nc2 24. Bf2 Be7 25. Qh6 Bf5 26. Ng5 Nf6 27. Bd5 Bf8 28. Bxf7+ Kh8 29. Qh4 Rxd1 30. Rxd1 h6 31. g4 Kg7 32. gxf5 hxg5 33. Qxg5 Kxf7 34. Qxg6+ Ke7 35. Bh4 Qc5+ 36. Kh2 Rb6 37. Rd5 Qc6 38. Re5+ Kd7 39. Qf7+ Kc8 40. Qxf8+ Kb7 41. Bxf6 Qf3 42. Re7+ Kc6 43. Qa8+ 1-0

[Event "Tenerife-chT Primera"]
[Site "Tenerife"]
[Date "2022.03.12"]
[Round "6.1"]
[White "Santos Izquierdo, Carlos"]
[Black "Rodriguez Miranda, Sergio"]
[Result "0-1"]
[WhiteElo "1764"]
[BlackElo "1898"]
[PlyCount "96"]
[EventDate "2022.01.29"]
[EventType "team-tourn"]
[EventRounds "14"]
[EventCountry "ESP"]
[SourceTitle "EXT 2024"]
[Source "ChessBase"]
[SourceDate "2023.10.10"]
[SourceVersion "1"]
[SourceVersionDate "2023.10.10"]
[SourceQuality "1"]
[WhiteTeam "La Victoria 94"]
[BlackTeam "Ebano Barrio Nuevo II"]
[WhiteTeamCountry "ESP"]
[BlackTeamCountry "ESP"]

1. c4 g6 2. g3 Bg7 3. Bg2 d6 4. Nc3 e5 5. d3 Ne7 6. e4 Nbc6 7. Nge2 0-0 8. 0-0 Be6 9. f4 Qd7 10. Be3 a5 11. Qd2 f5 12. Rae1 Rab8 13. b3 Nd4 14. Bxd4 exd4 15. Nb5 Nc6 16. Kh1 b6 17. Ng1 Kh8 18. Nf3 h6 19. Qc2 Nb4 20. Qd2 c5 21. e5 d5 22. Nh4 Kh7 23. a3 dxc4 24. bxc4 Na6 25. Bf3 Nc7 26. Nd6 Ne8 27. Nxe8 Rfxe8 28. Qg2 Rec8 29. Qc2 b5 30. cxb5 Rxb5 31. Rb1 Rcb8 32. Rxb5 Qxb5 33. Rc1 Bf8 34. h3 Qb3 35. g4 Qxc2 36. Rxc2 Be7 37. Ng2 Rb3 38. Be2 Rxa3 39. Kh2 a4 40. Rb2 Rb3 41. Ra2 a3 42. Bf1 Rc3 43. Ra1 a2 44. gxf5 gxf5 45. Ne1 Bh4 46. Nf3 Rc2+ 47. Kg1 Bf2+ 48. Kh1 Be3 0-1

[Event "Tenerife-chT Primera 1920"]
[Site "Tenerife "]
[Date "2020.02.08"]
[Round "6.3"]
[White "Jimenez Arteaga, Angel"]
[Black "Santos Izquierdo, Carlos"]
[Result "0-1"]
[WhiteElo "1930"]
[BlackElo "1756"]
[PlyCount "70"]
[EventDate "2019.11.30"]
[EventType "team-tourn"]
[EventRounds "14"]
[EventCountry "ESP"]
[SourceTitle "CBM 195 Extra"]
[Source "ChessBase"]
[SourceDate "2020.05.31"]
[SourceVersion "1"]
[SourceVersionDate "2020.05.31"]
[SourceQuality "1"]
[WhiteTeam "Ebano Barrio Nuevo II"]
[BlackTeam "Ciberjaque Universidad"]
[WhiteTeamCountry "ESP"]
[BlackTeamCountry "ESP"]

1. Nf3 d6 2. d4 g6 3. g3 f5 4. Bg2 Nf6 5. 0-0 Bg7 6. c4 0-0 7. Nc3 c6 8. b3 Qc7 9. Bb2 Na6 10. Rc1 Ne4 11. Nxe4 fxe4 12. Nd2 e3 13. fxe3 Bd7 14. Qc2 Nb4 15. Qb1 Bh6 16. Rxf8+ Rxf8 17. Nf1 Bf5 18. Qa1 Nc2 19. Rxc2 Bxc2 20. e4 Qb6 21. Qe1 a5 22. e3 Bd3 23. Qd2 Bb1 24. Bc3 a4 25. b4 Qa6 26. Qe2 a3 27. Nd2 Bxa2 28. Bh3 Qa4 29. Be6+ Kh8 30. d5+ Bg7 31. Bxg7+ Kxg7 32. Qd3 Qd1+ 33. Kg2 Bxc4 34. Qc3+ Rf6 35. dxc6 Bf1+ 0-1

[Event "Las Palmas Isla Bonita op 4th"]
[Site "Las Palmas"]
[Date "2019.04.14"]
[Round "2.6"]
[White "Santos Izquierdo, Carlos"]
[Black "Rodriguez Ferraz, Borja"]
[Result "0-1"]
[WhiteElo "1761"]
[BlackElo "2212"]
[PlyCount "120"]
[EventDate "2019.04.13"]
[EventType "swiss"]
[EventRounds "7"]
[EventCountry "ESP"]
[SourceTitle "CBM 190 Extra"]
[Source "ChessBase"]
[SourceDate "2019.07.15"]
[SourceVersion "1"]
[SourceVersionDate "2019.07.15"]
[SourceQuality "1"]

1. c4 Nf6 2. g3 e6 3. Bg2 Be7 4. d4 d5 5. Nf3 0-0 6. 0-0 c6 7. Qc2 Nbd7 8. Nbd2 b6 9. e4 dxe4 10. Nxe4 Bb7 11. h3 h6 12. Be3 Qc8 13. Rac1 c5 14. Ned2 Rd8 15. Rfd1 cxd4 16. Nxd4 Bxg2 17. Kxg2 Qb7+ 18. Kh2 Bc5 19. f4 e5 20. Nf5 Bxe3 21. Nxe3 exf4 22. gxf4 Nc5 23. Ndf1 Qf3 24. Qg2 Qxf4+ 25. Qg3 Nh5 26. Qxf4 Nxf4 27. Ng3 Ncd3 28. Rc2 Nb4 29. Rcd2 Rxd2+ 30. Rxd2 Nxa2 31. Rd7 Nb4 32. Ngf5 Nc6 33. Rc7 Ne5 34. Ne7+ Kh7 35. N7d5 Ne6 36. Re7 Kg6 37. Kg3 Nc6 38. Rd7 Rd8 39. Rb7 f5 40. Kf2 f4 41. Ng2 Rf8 42. Nh4+ Kh5 43. Nf3 g5 44. b4 Rf5 45. Nd2 Ned4 46. Ne4 Ne5 47. Ndf6+ Kg6 48. Nd5 Nd3+ 49. Kf1 Rf7 50. Ne7+ Kh5 51. Nd6 Rf6 52. Ne8 Rf7 53. Nd6 Rf8 54. b5 f3 55. Ne4 Rf4 56. Ng3+ Kh4 57. Ng6+ Kxg3 58. Nxf4 Nxf4 59. Rxa7 Nc2 60. Re7 Ng2 0-1

[Event "Tenerife-chT Primera 1819"]
[Site "Tenerife"]
[Date "2019.01.26"]
[Round "6.3"]
[White "Santos Izquierdo, Carlos"]
[Black "Hernandez Perez, Javier"]
[Result "1-0"]
[WhiteElo "1735"]
[BlackElo "1557"]
[PlyCount "61"]
[EventDate "2018.11.24"]
[EventType "team-tourn"]
[EventRounds "14"]
[EventCountry "ESP"]
[SourceTitle "CBM 189 Extra"]
[Source "ChessBase"]
[SourceDate "2019.06.03"]
[SourceVersion "1"]
[SourceVersionDate "2019.06.03"]
[SourceQuality "1"]
[WhiteTeam "Universidad"]
[BlackTeam "Benito"]
[WhiteTeamCountry "ESP"]
[BlackTeamCountry "ESP"]

1. c4 e6 2. g3 d5 3. Bg2 Nf6 4. Nf3 c5 5. d4 Nc6 6. 0-0 Be7 7. dxc5 Bxc5 8. Bg5 h6 9. Bxf6 Qxf6 10. Nc3 d4 11. Ne4 Qe7 12. Nxc5 Qxc5 13. Nd2 e5 14. Ne4 Qe7 15. c5 0-0 16. Nd6 Rb8 17. Qd2 a5 18. a3 f5 19. b4 axb4 20. axb4 e4 21. b5 e3 22. fxe3 dxe3 23. Qa2+ Be6 24. Bd5 Nd4 25. Rad1 Bxd5 26. Qxd5+ Ne6 27. Nxf5 Qe8 28. Nd4 Rxf1+ 29. Rxf1 Rd8 30. Qxe6+ Qxe6 31. Nxe6 1-0

[Event "Puerto del Rosario op U2300 "]
[Site "Puerto del Rosario"]
[Date "2018.09.30"]
[Round "7"]
[White "Santos Izquierdo, Carlos"]
[Black "Montesinos Mujica, Emmanuel Alej"]
[Result "1-0"]
[WhiteElo "1757"]
[BlackElo "1617"]
[PlyCount "100"]
[EventDate "2018.09.27"]
[EventType "swiss"]
[EventRounds "7"]
[EventCountry "ESP"]
[SourceTitle "CBM 187 Extra"]
[Source "ChessBase"]
[SourceDate "2018.11.04"]
[SourceVersion "1"]
[SourceVersionDate "2018.11.04"]
[SourceQuality "1"]

1. c4 e5 2. g3 Nf6 3. Bg2 d5 4. cxd5 Nxd5 5. Nc3 Be6 6. d3 Nc6 7. Nf3 f6 8. 0-0 Qd7 9. Bd2 g5 10. Rc1 h5 11. h4 g4 12. Ne1 0-0-0 13. Nc2 f5 14. Ne3 Nb6 15. Na4 f4 16. Nxb6+ axb6 17. Qa4 Na5 18. Qe4 fxe3 19. Bxa5 Bd5 20. Qxd5 Qxd5 21. Bxd5 exf2+ 22. Kxf2 bxa5 23. Be6+ Kb8 24. Rc4 Bh6 25. Ke1 Be3 26. Rf7 c6 27. b4 Rhf8 28. bxa5 Rxf7 29. Bxf7 Rf8 30. Bxh5 Bf2+ 31. Kd2 Bxg3 32. Rxg4 Bf4+ 33. e3 Bh6 34. Ke2 Ka7 35. Bg6 Ka6 36. Rb4 Rd8 37. Rb6+ Ka7 38. Be4 Rh8 39. h5 Bg5 40. Bf3 Bd8 41. Rb4 Bxa5 42. Rh4 Bd8 43. Rg4 Ka6 44. Rg2 Kb6 45. Kf2 Bf6 46. Rg6 Bh4+ 47. Kg2 Kc5 48. Kh3 Bd8 49. Kg4 b5 50. Rxc6+ Kb4 1-0

[Event "Tenerife-chT Preferente 1718"]
[Site "Tenerife"]
[Date "2018.02.24"]
[Round "10.2"]
[White "Santos Izquierdo, Carlos"]
[Black "Perez Perez, Gabriel"]
[Result "0-1"]
[WhiteElo "1779"]
[BlackElo "2153"]
[PlyCount "86"]
[EventDate "2017.11.11"]
[EventType "team-tourn"]
[EventRounds "14"]
[EventCountry "ESP"]
[SourceTitle "EXT 2019"]
[Source "ChessBase"]
[SourceDate "2018.10.10"]
[SourceVersion "1"]
[SourceVersionDate "2018.10.10"]
[SourceQuality "1"]
[WhiteTeam "Ciberjaque Universidad"]
[BlackTeam "Fundacion La Caja de Canarias"]
[WhiteTeamCountry "ESP"]
[BlackTeamCountry "ESP"]

1. c4 Nf6 2. g3 g6 3. Nc3 Bg7 4. Bg2 d6 5. d3 0-0 6. e4 c5 7. Nge2 Nc6 8. 0-0 Nd4 9. Nxd4 cxd4 10. Ne2 e5 11. b4 a5 12. Bd2 a4 13. a3 h5 14. h3 h4 15. Bg5 hxg3 16. fxg3 Qe7 17. Qd2 Qe6 18. Rf2 Kh7 19. Raf1 Nd7 20. g4 b6 21. Bh4 Ba6 22. Ng3 f6 23. Nf5 b5 24. cxb5 Bxb5 25. g5 gxf5 26. exf5 Qb3 27. g6+ Kg8 28. Qe2 Bh6 29. Qh5 Kg7 30. Bxa8 Rxa8 31. Bg5 Rh8 32. Bxh6+ Rxh6 33. Qf3 d5 34. Rc2 e4 35. Qf4 Qxc2 36. Qd6 Qc8 37. Qe7+ Kh8 38. Kh2 Qb8+ 39. Kg2 Qf8 40. Qe6 Ne5 41. Rc1 Bd7 42. Qxd5 Bxf5 43. dxe4 Nxg6 0-1

[Event "Tenerife-chT Preferente 1718"]
[Site "Tenerife"]
[Date "2017.11.11"]
[Round "1.3"]
[White "Santos Izquierdo, Carlos"]
[Black "Perez Fresnedo, Sadiel Barbaro"]
[Result "0-1"]
[WhiteElo "1779"]
[BlackElo "1983"]
[PlyCount "94"]
[EventDate "2017.11.11"]
[EventType "team-tourn"]
[EventRounds "14"]
[EventCountry "ESP"]
[SourceTitle "EXT 2019"]
[Source "ChessBase"]
[SourceDate "2018.10.10"]
[SourceVersion "1"]
[SourceVersionDate "2018.10.10"]
[SourceQuality "1"]
[WhiteTeam "Ciberjaque Universidad"]
[BlackTeam "Al Shah Mat Los Realejos"]
[WhiteTeamCountry "ESP"]
[BlackTeamCountry "ESP"]

1. c4 Nf6 2. g3 e6 3. Bg2 d5 4. Nf3 c6 5. 0-0 Nbd7 6. d4 Be7 7. Nc3 0-0 8. b3 b6 9. Re1 Bb4 10. Bd2 Bb7 11. cxd5 exd5 12. a3 Bd6 13. b4 b5 14. Qc2 h6 15. Nh4 Re8 16. e4 dxe4 17. Nxe4 Nxe4 18. Bxe4 Bf8 19. Bg2 Nf6 20. Nf5 Nd5 21. Rxe8 Qxe8 22. Re1 Qd8 23. Qd1 Qf6 24. Qf3 Rd8 25. Re5 Bc8 26. Rxd5 cxd5 27. Nxh6+ Kh7 28. Nxf7 Qxf3 29. Bxf3 Rd7 30. Ne5 Rd6 31. Nf7 Ra6 32. Bxd5 Rxa3 33. h4 a5 34. h5 Bxb4 35. Bf4 Be7 36. Be4+ Kg8 37. Bd5 Kf8 38. Ne5 b4 39. h6 gxh6 40. Bxh6+ Ke8 41. Bc6+ Kd8 42. Bf4 Be6 43. d5 Bg8 44. Be3 b3 45. Bd7 Bd6 46. Bg5+ Kc7 47. Be6 b2 0-1

[Event "Canarias-chT"]
[Site "San Cristobal de La Laguna"]
[Date "2017.06.24"]
[Round "5.4"]
[White "Santos Izquierdo, Carlos"]
[Black "Garcia Barrera, Jose Miguel"]
[Result "1-0"]
[WhiteElo "1821"]
[BlackElo "1146"]
[PlyCount "61"]
[EventDate "2017.06.22"]
[EventType "team-swiss"]
[EventRounds "6"]
[EventCountry "ESP"]
[SourceTitle "EXT 2024"]
[Source "ChessBase"]
[SourceDate "2023.10.10"]
[SourceVersion "1"]
[SourceVersionDate "2023.10.10"]
[SourceQuality "1"]
[WhiteTeam "Universidad"]
[BlackTeam "Dragones Fuerteventura"]
[WhiteTeamCountry "ESP"]
[BlackTeamCountry "ESP"]

1. c4 e6 2. g3 Nf6 3. Bg2 d5 4. d4 c6 5. Nf3 Nbd7 6. 0-0 Bd6 7. Nc3 0-0 8. Re1 Re8 9. e4 Bc7 10. e5 Ng4 11. Ng5 Nh6 12. f4 f6 13. Nxe6 Rxe6 14. cxd5 cxd5 15. Bxd5 Nb6 16. Bxe6+ Bxe6 17. exf6 Qxf6 18. d5 Bg4 19. Qb3 Qd4+ 20. Be3 Qc4 21. Qxc4 Nxc4 22. Kg2 b6 23. Nb5 Bd6 24. Nxd6 Nxd6 25. h3 Bd7 26. Bd4 Nhf5 27. Be5 Nc4 28. Rac1 Nce3+ 29. Kf3 Nxd5 30. Red1 Bc6 31. Rxc6 1-0

[Event "Tenerife-chT Primera 1617"]
[Site "Tenerife"]
[Date "2017.03.11"]
[Round "8.2"]
[White "Santos Izquierdo, Carlos"]
[Black "Hoyas Cebrian, Lucas"]
[Result "1-0"]
[WhiteElo "1832"]
[BlackElo "1908"]
[PlyCount "85"]
[EventDate "2016.12.10"]
[EventType "team-tourn"]
[EventRounds "14"]
[EventCountry "ESP"]
[SourceTitle "EXT 2018"]
[Source "ChessBase"]
[SourceDate "2017.10.13"]
[SourceVersion "1"]
[SourceVersionDate "2017.10.13"]
[SourceQuality "1"]
[WhiteTeam "Universidad"]
[BlackTeam "La Victoria 94"]
[WhiteTeamCountry "ESP"]
[BlackTeamCountry "ESP"]

1. c4 Nf6 2. g3 d5 3. cxd5 Nxd5 4. Nc3 c6 5. Nf3 g6 6. e4 Nb6 7. d4 Bg4 8. Be3 Bg7 9. Be2 0-0 10. 0-0 Na6 11. Re1 Nc7 12. Qd3 Qe8 13. a4 Rd8 14. a5 Nc8 15. Rad1 e6 16. Qc2 Qe7 17. Kg2 Bxf3+ 18. Bxf3 Qb4 19. d5 exd5 20. exd5 c5 21. Ra1 Bxc3 22. bxc3 Qb5 23. c4 Qa6 24. Bxc5 Rfe8 25. Qc3 Nd6 26. Bxd6 Qxd6 27. Qd4 b6 28. axb6 axb6 29. Rab1 Rxe1 30. Rxe1 Ne6 31. Qf6 Ng7 32. Qxd6 Rxd6 33. Re7 Kf8 34. Rb7 h5 35. h4 Nf5 36. Bd1 Nd4 37. Ba4 Kg7 38. f4 Kf6 39. Be8 Kf5 40. Rxf7+ Ke4 41. Rg7 Kf5 42. Re7 Kf6 43. Rf7# 1-0

[Event "Tenerife-chT Primera 1617"]
[Site "Tenerife"]
[Date "2017.01.28"]
[Round "5.1"]
[White "Perez Perez, Jose David"]
[Black "Santos Izquierdo, Carlos"]
[Result "1/2-1/2"]
[WhiteElo "1812"]
[BlackElo "1832"]
[PlyCount "72"]
[EventDate "2016.12.10"]
[EventType "team-tourn"]
[EventRounds "14"]
[EventCountry "ESP"]
[SourceTitle "CBM 176 Extra"]
[Source "ChessBase"]
[SourceDate "2017.03.02"]
[SourceVersion "1"]
[SourceVersionDate "2017.03.02"]
[SourceQuality "1"]
[WhiteTeam "Playa San Juan"]
[BlackTeam "Universidad"]
[WhiteTeamCountry "ESP"]
[BlackTeamCountry "ESP"]

1. d4 d6 2. Bf4 g6 3. e3 Bg7 4. Nf3 Nf6 5. Be2 c5 6. 0-0 cxd4 7. exd4 0-0 8. c3 Nbd7 9. Nbd2 Re8 10. h3 e5 11. Bh2 e4 12. Ne1 d5 13. a4 Nf8 14. a5 Be6 15. Qb3 Qc8 16. Nc2 h5 17. a6 b6 18. Na3 Rd8 19. Nb5 Ne8 20. Rfe1 Bh6 21. Nf1 f5 22. Nxa7 Rxa7 23. Qxb6 Ra8 24. a7 Bd7 25. Ra6 f4 26. Bxh5 Qc7 27. Bxg6 Qxb6 28. Rxb6 Nxg6 29. Rxg6+ Kh7 30. Rxh6+ Kxh6 31. Bxf4+ Kg7 32. Bb8 Bc6 33. Ne3 Nf6 34. Nf5+ Kf7 35. b4 Nd7 36. b5 Nxb8 1/2-1/2

[Event "Tenerife-chT Primera 1617"]
[Site "Tenerife"]
[Date "2017.01.21"]
[Round "4.2"]
[White "Perez Celis, Alba"]
[Black "Santos Izquierdo, Carlos"]
[Result "1-0"]
[WhiteElo "1739"]
[BlackElo "1832"]
[PlyCount "77"]
[EventDate "2016.12.10"]
[EventType "team-tourn"]
[EventRounds "14"]
[EventCountry "ESP"]
[SourceTitle "CBM 176 Extra"]
[Source "ChessBase"]
[SourceDate "2017.03.02"]
[SourceVersion "1"]
[SourceVersionDate "2017.03.02"]
[SourceQuality "1"]
[WhiteTeam "Laguna Cotelec II"]
[BlackTeam "Universidad"]
[WhiteTeamCountry "ESP"]
[BlackTeamCountry "ESP"]

1. e4 d6 2. d4 Nf6 3. Nc3 g6 4. g3 Bg7 5. Bg2 0-0 6. Nge2 Nbd7 7. 0-0 c5 8. d5 a6 9. a4 Rb8 10. a5 b5 11. Nf4 c4 12. g4 Nc5 13. g5 Ng4 14. Nce2 e6 15. h3 Ne5 16. Nd4 exd5 17. Nxd5 Ne6 18. Nxe6 fxe6 19. Nb6 Bb7 20. f4 Nc6 21. c3 Nxa5 22. Be3 Nb3 23. Ra3 Nc5 24. Bxc5 dxc5 25. Nd7 Qc7 26. Nxb8 Qxb8 27. Qg4 Bc8 28. e5 b4 29. Raa1 Qb5 30. Rfd1 a5 31. Rd6 bxc3 32. bxc3 Qb2 33. Rxa5 Qxc3 34. Ra8 Qe3+ 35. Kh2 Kh8 36. Qg3 Qe2 37. Qc3 Qf2 38. Qxc4 Bb7 39. Ra2 1-0

[Event "Tenerife-chT Preferente 1516"]
[Site "Tenerife"]
[Date "2016.04.16"]
[Round "13.3"]
[White "Perez Felipe, Marcos Adrian"]
[Black "Santos Izquierdo, Carlos"]
[Result "1-0"]
[WhiteElo "2158"]
[BlackElo "1835"]
[PlyCount "89"]
[EventDate "2015.12.12"]
[EventType "team-tourn"]
[EventRounds "14"]
[EventCountry "ESP"]
[SourceTitle "EXT 2017"]
[Source "ChessBase"]
[SourceDate "2016.10.25"]
[SourceVersion "1"]
[SourceVersionDate "2016.10.25"]
[SourceQuality "1"]
[WhiteTeam "Casa de Venezuela Ebano"]
[BlackTeam "Universidad"]
[WhiteTeamCountry "ESP"]
[BlackTeamCountry "ESP"]

1. d4 d6 2. c4 g6 3. e4 Bg7 4. Nc3 Nf6 5. f3 Nbd7 6. Nh3 c5 7. d5 a6 8. Nf2 0-0 9. Bg5 Rb8 10. a4 Qa5 11. Be2 h6 12. Be3 Kh7 13. 0-0 Qc7 14. Qd2 b6 15. f4 e6 16. Rac1 Bb7 17. Bd3 exd5 18. cxd5 Rbe8 19. b4 Qd8 20. b5 a5 21. Rce1 Bc8 22. Be2 Ng8 23. Nfd1 Ndf6 24. Nf2 Nd7 25. Bf3 Nb8 26. Nd3 Nd7 27. Nb2 Qc7 28. Nc4 f5 29. Bf2 fxe4 30. Nxe4 Ndf6 31. Ncxd6 Nxe4 32. Nxe4 Bd7 33. d6 Qd8 34. Ng3 Nf6 35. h3 Rxe1 36. Rxe1 Re8 37. Ne4 Re6 38. Nxf6+ Qxf6 39. Rxe6 Qxe6 40. Bg4 Qf7 41. Bxd7 Qxd7 42. f5 Be5 43. fxg6+ Kg7 44. Qd5 Bxd6 45. Bg3 1-0

[Event "Tenerife-chT Preferente 1516"]
[Site "Tenerife"]
[Date "2016.01.09"]
[Round "3.2"]
[White "Martin Luis, Cesar"]
[Black "Santos Izquierdo, Carlos"]
[Result "1-0"]
[WhiteElo "2160"]
[BlackElo "1835"]
[PlyCount "49"]
[EventDate "2015.12.12"]
[EventType "team-tourn"]
[EventRounds "14"]
[EventCountry "ESP"]
[SourceTitle "CBM 170 Extra"]
[Source "ChessBase"]
[SourceDate "2016.02.25"]
[SourceVersion "1"]
[SourceVersionDate "2016.02.25"]
[SourceQuality "1"]
[WhiteTeam "Rey Ahogado"]
[BlackTeam "Universidad"]
[WhiteTeamCountry "ESP"]
[BlackTeamCountry "ESP"]

1. d4 d6 2. e4 Nf6 3. Nc3 g6 4. f3 c6 5. Be3 Nbd7 6. Qd2 Qc7 7. a4 e5 8. Bc4 Bg7 9. Nge2 exd4 10. Nxd4 0-0 11. 0-0 Ne5 12. Ba2 h5 13. Kh1 h4 14. Bg5 h3 15. f4 hxg2+ 16. Qxg2 Neg4 17. f5 Kh7 18. Rf4 Ne5 19. Raf1 Nh5 20. fxg6+ Nxg6 21. Rxf7 Rxf7 22. Rxf7 Qb6 23. Qf3 Nhf4 24. Bxf4 Nxf4 25. Rxf4 1-0

[Event "Tenerife-chT Preferente 1314"]
[Site "Tenerife"]
[Date "2014.01.25"]
[Round "4.2"]
[White "Santos Izquierdo, Carlos"]
[Black "Lopez Pereyra, Antonio"]
[Result "0-1"]
[WhiteElo "1848"]
[BlackElo "2123"]
[PlyCount "64"]
[EventDate "2013.12.14"]
[EventType "team-tourn"]
[EventRounds "14"]
[EventCountry "ESP"]
[SourceTitle "EXT 2015"]
[Source "ChessBase"]
[SourceDate "2014.11.20"]
[SourceVersion "1"]
[SourceVersionDate "2014.11.20"]
[SourceQuality "1"]
[WhiteTeam "Universidad"]
[BlackTeam "El Sauzal Libreria Barco"]
[WhiteTeamCountry "ESP"]
[BlackTeamCountry "ESP"]

1. c4 e5 2. g3 Nc6 3. Bg2 g6 4. Nc3 Bg7 5. d3 d6 6. e4 h5 7. h3 Nge7 8. Nge2 Be6 9. Be3 h4 10. Qd2 hxg3 11. fxg3 Qd7 12. Nd5 Nd4 13. Bxd4 exd4 14. g4 0-0-0 15. 0-0-0 Nxd5 16. cxd5 Bxg4 17. hxg4 Qxg4 18. Rdg1 Kb8 19. Kb1 Be5 20. Bh3 Qh4 21. Qb4 Qf2 22. Qe1 Qe3 23. Ng3 Qxe1+ 24. Rxe1 Bxg3 25. Ref1 Rh7 26. Rf3 Be5 27. Rhf1 f6 28. Rg1 g5 29. Bf5 Rh2 30. Be6 Rdh8 31. Rgf1 Rd2 32. Rg1 Rhh2 0-1

[Event "Tenerife-chT"]
[Site "Tenerife"]
[Date "2013.05.11"]
[Round "14.1"]
[White "Santos Izquierdo, Carlos"]
[Black "Franco, Victor"]
[Result "0-1"]
[WhiteElo "1826"]
[BlackElo "2104"]
[PlyCount "86"]
[EventDate "2013.01.19"]
[EventType "team-tourn"]
[EventRounds "14"]
[EventCountry "ESP"]
[SourceTitle "EXT 2014"]
[Source "ChessBase"]
[SourceDate "2013.11.20"]
[SourceVersion "1"]
[SourceVersionDate "2013.11.20"]
[SourceQuality "1"]
[WhiteTeam "San Benito"]
[BlackTeam "Rey Ahogado"]
[WhiteTeamCountry "ESP"]
[BlackTeamCountry "ESP"]

1. c4 Nf6 2. g3 c6 3. Bg2 d5 4. Nf3 g6 5. 0-0 Bg7 6. d3 0-0 7. Nbd2 Nbd7 8. e4 dxe4 9. dxe4 Nc5 10. Qc2 Qd3 11. Ne1 Qxc2 12. Nxc2 Ng4 13. Rb1 Rd8 14. h3 Ne5 15. b3 Bxh3 16. Bxh3 Rxd2 17. Bxd2 Nf3+ 18. Kg2 Nxd2 19. Rbd1 Nxf1 20. Kxf1 Nxe4 21. Rd7 Nc5 22. Rxe7 Kf8 23. Re3 Rd8 24. Ke2 a5 25. Bg2 Bb2 26. b4 axb4 27. Nxb4 Bc1 28. Re5 Rd2+ 29. Ke1 Rb2 30. Rxc5 Bd2+ 31. Kd1 Bxb4 32. Re5 Rxf2 33. Bh3 Rxa2 34. Bc8 Rd2+ 35. Kc1 Rd4 36. Kc2 Rxc4+ 37. Kb3 b5 38. Re3 Bd6 39. g4 Ra4 40. Kc2 Ra8 41. Bb7 Rb8 42. Bxc6 Rc8 43. Rc3 Bb4 0-1

[Event "Tenerife-chT"]
[Site "Tenerife"]
[Date "2013.04.06"]
[Round "10.2"]
[White "Rodriguez Fernandez, Cristian"]
[Black "Santos Izquierdo, Carlos"]
[Result "1-0"]
[WhiteElo "1980"]
[BlackElo "1826"]
[PlyCount "115"]
[EventDate "2013.01.19"]
[EventType "team-tourn"]
[EventRounds "14"]
[EventCountry "ESP"]
[SourceTitle "EXT 2014"]
[Source "ChessBase"]
[SourceDate "2013.11.20"]
[SourceVersion "1"]
[SourceVersionDate "2013.11.20"]
[SourceQuality "1"]
[WhiteTeam "Circulo de Amistad XII"]
[BlackTeam "San Benito"]
[WhiteTeamCountry "ESP"]
[BlackTeamCountry "ESP"]

1. e4 d6 2. d4 Nf6 3. Nc3 g6 4. Bg5 Bg7 5. f4 h6 6. Bh4 0-0 7. Qd2 c6 8. Bd3 Qc7 9. Nf3 b5 10. a3 a6 11. e5 Nd5 12. Nxd5 cxd5 13. h3 Nc6 14. 0-0 Rb8 15. c3 a5 16. Nh2 b4 17. Ng4 Bxg4 18. hxg4 dxe5 19. fxe5 Qb6 20. axb4 axb4 21. Ra6 Qb7 22. Bf6 Ra8 23. Bxg7 Kxg7 24. Rxa8 Rxa8 25. e6 f6 26. Qc2 Qc8 27. Bxg6 Qxe6 28. Bf5 Qe3+ 29. Kh2 h5 30. gxh5 Qg5 31. Rf3 Qh4+ 32. Rh3 Qf4+ 33. Rg3+ Kh8 34. Bh3 Rg8 35. Qd3 Rg5 36. Qe3 Qxe3 37. Rxe3 Rxh5 38. Re6 Na5 39. Rxe7 Kg8 40. cxb4 Nc6 41. Re6 Nxd4 42. Rxf6 Kg7 43. Rf4 Nb5 44. Rf5 Rh4 45. g4 Nc7 46. Rh5 Rxh5 47. gxh5 Kh6 48. Bg4 d4 49. Kg3 Nd5 50. b5 Kg5 51. Bf3 Nb6 52. Kf2 Kf4 53. Ke1 Ke5 54. h6 Kf6 55. h7 Kg7 56. Be4 Nc4 57. b3 Nd6 58. b6 1-0